000 00444nam a2200181Ia 4500
001 7728
005 20260306160516.0
008 260306t2001||||xx |||||||||||||| ||spa||
041 _aESP
082 _a355.985
_bR23
100 _aRamírez Prado, Fidel, 1953-
_eAUT
245 0 _aRelaciones civil-militares y democracia
260 _c2001
300 _a147 páginas :
_c21 cm.
650 _aGEN
654 _aCHU
942 _cLIB
_dJUS
_fJUS
_2ddc
_n
999 _c7728
_d7728